Gaming Word Ladder - Statistics

General Stats
  • This quiz has been taken 70 times
  • The average score is 17 of 31
Answer Stats
Hint Answer % Correct
PlayStation’s purple dragon Spyro
90%
Flamethrower-wielding TF2 class (Remove A Letter) Pyro
83%
Candy _____ Crush
75%
Supercells game “of Clans” Clash
73%
Pikachu’s owner (Remove 2 Letters) Ash
71%
The lovable, yet infuriating, bandicoot (Add A letter) Crash
71%
The ___ Of Us (Remove 3 Letters) Last
71%
Too much lag can cause a game to do this Crash
69%
Super _____ Bros. (Add a letter) Smash
63%
Minecraft’s Nether Ghost (Add a letter) Ghast
62%
Good at games (Remove A Letter) Pro
62%
Sub genre of Beat ‘Em Up games - Hack and ____ Slash
62%
Get as much of this as you can in AdVenture Capitalist Cash
60%
If you haven’t won, you have (2 Letter Change) Lost
60%
Clicking a lot of buttons in a short time Mash
60%
Commonly called the 1st video game (Add A Letter) Pong
60%
Phrase which originated from Twitch Pog
56%
If you’re stuck in a game, you go to the forums and Ask
54%
Bargain Bin games are usually Trash
54%
Fortnite Camping Bush
52%
Pixar’s adventure game (Remove a letter) Rush
52%
____ Survivor Lone
44%
Tomb of the ____ (Add a letter) Mask
44%
Overwatch robot (Add 3 Letters) Bastion
42%
GTA loading screens are always called this Long
42%
Object which Pou was Poo
40%
Crash Bandicoot’s party game Bash
35%
2/3 of Muse Dash’s creator company Pero
35%
Voice actors are usually called this Cast
33%
A paid game has one Cost
33%
My Singing Monsters’ Purple Ghost Ghazt
10%
No matching quizzes found
Score Distribution
Percent of People with Each Score
Percentile by Number Answered
Your Score History
You have not taken this quiz